00576nam a22001937a 450000500170000001000140001702000260003103500130005703700130007008200120008310000160009524500670011126000460017827000720022430000260029650000190032265000210034165000200036220100731153446.0 aENG-97546 a9788177082258c495.00 aEN-81079 bDBAD/PUB a338.954 aSury, M. M. aGlobal economic crisis and the Indian economy /cby M. M. Sury aNew DelhibNew Century Publicationsc2009 a4800/24, Bharat Ram Road, Ansari Road, DaryaganjbNew Delhie110002 axxv, 181p.c23cm (Hb) aIncludes index aEconomic History aEconomic Policy